MCITP developer : Microsoft SQL server 2005 database solutions design : study guide (70-441)

Uloženo v:
Podrobná bibliografie
Hlavní autor:  Isakov, Victor
Médium: Sách
Jazyk:Undetermined
Vydáno:  Wiley Pub  2006
Témata:
Tagy: Přidat tag
Žádné tagy, Buďte první, kdo otaguje tento záznam!
Thư viện lưu trữ: Trung tâm Thư viện - Trường Đại học Công nghiệp TP. Hồ Chí Minh
LEADER 00558nam a2200157Ia 4500
001 UIH_07393
008 231011s9999 xx 000 0 und d
082 |a  005.75 
100 |a  Isakov, Victor 
245 0 |a  MCITP developer : Microsoft SQL server 2005 database solutions design : study guide (70-441) 
245 0 |c  Isakov, Victor 
260 |b  Wiley Pub 
260 |c  2006 
650 |a  Dữ liệu và cơ sở dữ liệu;  
927 |a Sách 
980 |a Trung tâm Thư viện - Trường Đại học Công nghiệp TP. Hồ Chí Minh